PAPÁNKOVO NÁRODNÉ POVEDOMIE

Bibliographic Details
Main Author: Tibenský, Ján, 1923-2012 (Author)
Format: Article
Language:Slovak

MARC

LEADER 00000nab a2200000 a 4500
001 vtls011122818
003 SK-MaSNL
005 20260303113939.0
008 230121|1946 xo |||||||||||||||||slo|
015 |a SNBRB 
035 |a (uuid)a6889a45-f451-4aee-8389-49fadb776986 
035 |a (urnnbn)urn:nbn:sk:snk:ar-a08xbw 
035 |a urn:nbn:sk:snk-ab9utr 
040 |a SNKBUCL  |b slo  |c SNKBUCL  |e AACR2 
041 0 |a slo 
044 |a xo  |c SK 
100 1 |a Tibenský, Ján,  |d 1923-2012  |4 aut  |9 105452 
245 1 0 |a PAPÁNKOVO NÁRODNÉ POVEDOMIE  |c Ján Tibenský 
773 0 |t Historický sborník  |g Roč. 4, č. 3-4 (1946), s. 401-413 
958 |a OND 
958 |a EUIPO 
958 |a article13 
999 |c 1896077  |d 1898007